000 00789nam a2200253Ia 4500
003 OSt
005 20220923211858.0
006 a|||||r|||| 00| 0
007 ta
008 220922b |||||||| |||| 00| 0 san d
024 _a63,278
037 _cTextual
040 _aARTS
_cARTS
_bsan
041 _2san
_asan
082 _aQ22:223:(R), 15M5
100 _aजोशी, रसिक जोशी
245 0 _aभागवतदर्शन
246 _aBhāgavatadarshana
260 _aदिल्ली
_b चौखम्बा संस्कृत प्रतिष्ठान
_c1985
300 _a84पृ0
_ccm.
650 _aधर्म
942 _hQ22:223:(R), 15M5
_cTEXL
_2CC
999 _c304315
_d304315